Aid Effectiveness for Environmental Sustainability

This collection examines the role that foreign aid can play in dealing with the severe global challenge of climate change, one of the most pressing international development issues of the 21st century. Addressing the key threats of rising temperatures, changes in precipitation, coastal erosion and n...

Πλήρης περιγραφή

Λεπτομέρειες βιβλιογραφικής εγγραφής
Συγγραφή απο Οργανισμό/Αρχή: SpringerLink (Online service)
Άλλοι συγγραφείς: Huang, Yongfu (Επιμελητής έκδοσης, http://id.loc.gov/vocabulary/relators/edt), Pascual, Unai (Επιμελητής έκδοσης, http://id.loc.gov/vocabulary/relators/edt)
Μορφή: Ηλεκτρονική πηγή Ηλ. βιβλίο
Γλώσσα:English
Έκδοση: Singapore : Springer Singapore : Imprint: Palgrave Macmillan, 2018.
Έκδοση:1st ed. 2018.
Θέματα:
Διαθέσιμο Online:Full Text via HEAL-Link
LEADER 04389nam a2200589 4500
001 978-981-10-5379-5
003 DE-He213
005 20191220130533.0
007 cr nn 008mamaa
008 171229s2018 si | s |||| 0|eng d
020 |a 9789811053795  |9 978-981-10-5379-5 
024 7 |a 10.1007/978-981-10-5379-5  |2 doi 
040 |d GrThAP 
050 4 |a GE195-199 
050 4 |a GE196 
072 7 |a RNU  |2 bicssc 
072 7 |a SCI026000  |2 bisacsh 
072 7 |a RNU  |2 thema 
082 0 4 |a 338.927  |2 23 
245 1 0 |a Aid Effectiveness for Environmental Sustainability  |h [electronic resource] /  |c edited by Yongfu Huang, Unai Pascual. 
250 |a 1st ed. 2018. 
264 1 |a Singapore :  |b Springer Singapore :  |b Imprint: Palgrave Macmillan,  |c 2018. 
300 |a XXIV, 466 p. 22 illus., 17 illus. in color.  |b online resource. 
336 |a text  |b txt  |2 rdacontent 
337 |a computer  |b c  |2 rdamedia 
338 |a online resource  |b cr  |2 rdacarrier 
347 |a text file  |b PDF  |2 rda 
505 0 |a Introduction.- Foreign Aid for Capacity-building to Address Climate Change -- Lessons Learnt About Foreign Aid for Climate Change Related Capacity-Building.- The Effectiveness of Foreign Aid for Sustainable Energy and Climate Change Mitigation -- A Review of the Nature of Foreign Aid to the Energy Sector over the Last Two Decades -- An Analysis of the Links between Foreign Aid and Co2 Emissions in Cities.- Foreign Aid, Urbanization and Green Cities -- Opportunities and Conditions for Successful Foreign Aid to the Forestry Sector -- The Evolution, Paradigm Shift and Guidelines for Foreign Aid in Forestry -- Financing Sustainable Agriculture under Climate Change with a Specific Focus on Foreign Aid.- Foreign Aid and Sustainable Agriculture in Africa.- The Global Partnership on Foreign Aid for Sustainable Development.- Conclusion. 
520 |a This collection examines the role that foreign aid can play in dealing with the severe global challenge of climate change, one of the most pressing international development issues of the 21st century. Addressing the key threats of rising temperatures, changes in precipitation, coastal erosion and natural disasters, the book considers the implications for policy and future research, particularly in developing countries. Focusing on the worth of foreign aid in ensuring environmental sustainability, this collection consider how it can be used to improve access to sustainable energy, to promote efficient use of energy resources, to improve emission reduction and support the preservation of biodiversity in forests. Advancing our knowledge about foreign aid and climate change, it provides policy recommendations for the donors and recipient country governments. A cutting edge text on one of the most pressing international development issues of this century, this is key reading for all scholars of international development and climate change. 
650 0 |a Sustainable development. 
650 0 |a Environmental sociology. 
650 0 |a Economic development. 
650 0 |a Social change. 
650 0 |a Environmental policy. 
650 0 |a Climate change. 
650 0 |a Environmental economics. 
650 1 4 |a Sustainable Development.  |0 http://scigraph.springernature.com/things/product-market-codes/U34000 
650 2 4 |a Environmental Sociology.  |0 http://scigraph.springernature.com/things/product-market-codes/X22160 
650 2 4 |a Development and Social Change.  |0 http://scigraph.springernature.com/things/product-market-codes/913030 
650 2 4 |a Environmental Policy.  |0 http://scigraph.springernature.com/things/product-market-codes/X33040 
650 2 4 |a Climate Change.  |0 http://scigraph.springernature.com/things/product-market-codes/U12007 
650 2 4 |a Environmental Economics.  |0 http://scigraph.springernature.com/things/product-market-codes/W48000 
700 1 |a Huang, Yongfu.  |e editor.  |4 edt  |4 http://id.loc.gov/vocabulary/relators/edt 
700 1 |a Pascual, Unai.  |e editor.  |4 edt  |4 http://id.loc.gov/vocabulary/relators/edt 
710 2 |a SpringerLink (Online service) 
773 0 |t Springer eBooks 
776 0 8 |i Printed edition:  |z 9789811053788 
776 0 8 |i Printed edition:  |z 9789811053801 
776 0 8 |i Printed edition:  |z 9789811353819 
856 4 0 |u https://doi.org/10.1007/978-981-10-5379-5  |z Full Text via HEAL-Link 
912 |a ZDB-2-EES 
950 |a Earth and Environmental Science (Springer-11646)